Alamo, The (Record no. 14553)
[ view plain ]
| 000 -LEADER | |
|---|---|
| fixed length control field | 01612ngm a22003257a 4500 |
| 005 - DATE AND TIME OF LATEST TRANSACTION | |
| control field | 20080723121347.0 |
| 007 - PHYSICAL DESCRIPTION FIXED FIELD--GENERAL INFORMATION | |
| fixed length control field | DVD |
| 008 - FIXED-LENGTH DATA ELEMENTS--GENERAL INFORMATION | |
| fixed length control field | 080723t xxu||||| |||| 00| 0 eng d |
| 010 ## - LIBRARY OF CONGRESS CONTROL NUMBER | |
| LC control number | DVD-000117-119 |
| 024 ## - OTHER STANDARD IDENTIFIER | |
| Standard number or code | A2403 |
| Terms of availability | 499.00 |
| 040 ## - CATALOGING SOURCE | |
| Original cataloging agency | DPL |
| 082 ## - DEWEY DECIMAL CLASSIFICATION NUMBER | |
| Classification number | DVD / ALAM |
| 245 ## - TITLE STATEMENT | |
| Title | Alamo, The |
| Statement of responsibility, etc | Produced by Mark Johnson and John Lee Hancock |
| 300 ## - PHYSICAL DESCRIPTION | |
| Extent | 2 Vidiodisc DVD (131 min.) |
| Other physical details | Sd., Col. |
| Dimensions | 4 3/4 in. |
| Type of unit | DVD |
| 500 ## - GENERAL NOTE | |
| General note | Return of the Legend: The making of The Alamo |
| 500 ## - GENERAL NOTE | |
| General note | Academy Award winner Billy Bob Thornton (Best Adapted Screenplay, Sling Blade, 1996) |
| 538 ## - SYSTEM DETAILS NOTE | |
| System details note | Dolby Digital 5.1, Thai English DTS 5.1, Subtitles English, thai, Mandarin, Bahasa, Koren |
| 538 ## - SYSTEM DETAILS NOTE | |
| System details note | Presentation Tupe: Widescrene, Foormat DVD 9-Dual Layer Single Side Disc, Aspect Ratio 2.35:1, Presentation Size 16x9 |
| 700 ## - ADDED ENTRY--PERSONAL NAME | |
| Personal name | Johnson, Mark |
| 700 ## - ADDED ENTRY--PERSONAL NAME | |
| Personal name | Hancock, John Lee |
| 700 ## - ADDED ENTRY--PERSONAL NAME | |
| Personal name | Quaid, Dennis |
| 700 ## - ADDED ENTRY--PERSONAL NAME | |
| Personal name | Thornton, Billy Bob |
| 700 ## - ADDED ENTRY--PERSONAL NAME | |
| Personal name | Patric, Jason |
| 700 ## - ADDED ENTRY--PERSONAL NAME | |
| Personal name | Wilson, Patrick |
| 942 ## - ADDED ENTRY ELEMENTS (KOHA) | |
| Source of classification or shelving scheme | Dewey Decimal Classification |
| Koha item type | CD-ROMs, DVDs, VHS |
| Classification part | DVD / ALAM |
| Withdrawn status | Lost status | Source of classification or shelving scheme | Damaged status | Not for loan | Home library | Current library | Date acquired | Cost, normal purchase price | Total Checkouts | Total Renewals | Full call number | Barcode | Date last seen | Date checked out | Cost, replacement price | Price effective from | Koha item type |
|---|---|---|---|---|---|---|---|---|---|---|---|---|---|---|---|---|---|
| Dewey Decimal Classification | Central Library | Central Library | 23/07/2008 | 499.00 | 25 | 1 | DVD / ALAM | DVD-000117 | 04/03/2014 | 21/02/2014 | 499.00 | 15/09/2008 | CD-ROMs, DVDs, VHS | ||||
| Dewey Decimal Classification | Patel Nagar | Patel Nagar | 23/07/2008 | 499.00 | 12 | DVD / ALAM | DVD-000119 | 19/01/2016 | 11/01/2016 | 499.00 | 15/09/2008 | CD-ROMs, DVDs, VHS | |||||
| Dewey Decimal Classification | Sarojini Nagar | Sarojini Nagar | 23/07/2008 | 499.00 | 25 | DVD / ALAM | DVD-000118 | 06/02/2016 | 28/11/2015 | 499.00 | 15/09/2008 | CD-ROMs, DVDs, VHS |
